Management accounting : (Record no. 147547)

MARC details
000 -LEADER
fixed length control field 00654nam a22002057a 4500
005 - DATE AND TIME OF LATEST TRANSACTION
control field 20171118131619.0
010 ## - LCCN (DPL NO)
LC control number ENG-121465
020 ## - INTERNATIONAL STANDARD BOOK NUMBER
International Standard Book Number 9789325987449
Terms of availability 175.00
035 ## - SYSTEM CONTROL NUMBER
System control number EN-104997
037 ## - SOURCE OF ACQUISITION
Source of stock number/acquisition DBAD/PUB
082 ## - DEWEY DECIMAL CLASSIFICATION NUMBER
Classification number 658.1511
100 ## - MAIN ENTRY--PERSONAL NAME
Personal name Geetha,S.
245 ## - TITLE STATEMENT
Title Management accounting :
Statement of responsibility, etc by Geetha S. [and] Shaware Saleem
Remainder of title bachelor of commerce Banglore University /
260 ## - PUBLICATION, DISTRIBUTION, ETC. (IMPRINT)
Place of publication, distribution, etc Noida
Name of publisher, distributor, etc Vikas Publishing House
Date of publication, distribution, etc 2015
270 ## - ADDRESS
Address E-28, Sector 8,
City Noida (UP)
Postal code 201301
300 ## - PHYSICAL DESCRIPTION
Extent xiii,161p.
Dimensions 24cm(pbk)
505 ## - FORMATTED CONTENTS NOTE
Formatted contents note (semester vi)subject code 6.4
700 ## - ADDED ENTRY--PERSONAL NAME
Personal name Saleem, Shawar
942 ## - ADDED ENTRY ELEMENTS (KOHA)
Source of classification or shelving scheme Dewey Decimal Classification
Item type English Books
Classification part 658.1511
Call number suffix SGE
Holdings
Withdrawn status Lost status Not for loan Collection code Home library Current library Date acquired Source of acquisition Cost, normal purchase price Full call number Barcode Copy number Cost, replacement price Koha item type
    Not For Loan Non-fiction D.B.Act.Division Bawana 18/11/2017 DBAD/PUB 175.00 658.1511 SGE EN-104997 1 175.00 English Books

© Delhi Public Library
Hit Counter
free hit counter